000 00235nam a2200109Ia 4500
100 _aMonday/ c.
942 _cBK
245 _aBROACHING
260 _bMAchinerys Standard Reference Series
_c2001
082 _a621.954
546 _aENGLISH
999 _c22300
_d22300